| 000 | 00400nam a22001577a 4500 | ||
|---|---|---|---|
| 020 | _a9789699532047 | ||
| 082 | _a294.3435095 SAF | ||
| 100 | _aSafdar Ali Shah | ||
| 245 | _aThe Buddhist Heritage of Pakistan | ||
| 260 |
_aPakistan _bConstellation Plus _c2014 |
||
| 300 | _avii, 130 p. | ||
| 500 | _aIndex included | ||
| 650 | _aBuddhist Heritage | ||
| 700 | _aSyed Javaid A. Kazi | ||
| 942 | _cBK | ||
| 999 |
_c489969 _d489969 |
||